Ban hành văn bản quy phạm pháp luật, kế hoạch và lộ trình của Cộng hoà Liên bang Đức

Gorde:
Xehetasun bibliografikoak
Egile nagusia: Handschuh, Ekkehard
Formatua: Liburua
Hizkuntza:Undetermined
Argitaratua: Hà Nội Chính trị quốc gia 2003
Gaiak:
Etiketak: Etiketa erantsi
Etiketarik gabe, Izan zaitez lehena erregistro honi etiketa jartzen!
Thư viện lưu trữ: Trung tâm Học liệu Trường Đại học Cần Thơ
LEADER 00702nam a2200205Ia 4500
001 CTU_63436
008 210402s9999 xx 000 0 und d
020 |b 11000 
082 |a 342.4305 
082 |b H236 
100 |a Handschuh, Ekkehard 
245 0 |a Ban hành văn bản quy phạm pháp luật, kế hoạch và lộ trình của Cộng hoà Liên bang Đức 
245 0 |c Ekkehard Handschuh; Nguyễn Sỹ Đại và Nguyễn Kim Thoa biên dịch 
260 |a Hà Nội 
260 |b Chính trị quốc gia 
260 |c 2003 
650 |a Legislative power 
650 |z Germany 
904 |i Minh 
980 |a Trung tâm Học liệu Trường Đại học Cần Thơ